000 00720nam a22001937a 4500
005 20180423152619.0
010 _aB-691517-518
020 _c479.00
_a9789332555242
035 _aB-691517-518
037 _bR.K.Books
082 _a551.6
100 _aCritchfield, Howard J.
245 _aGeneral climatology /
_cby Howard J. Critchfield,
260 _aNoida
_bPearson
_c2015
270 _aWorld Trade Tower, Plot No.-1,Block-C, Sector-16,
_bNoida
_e201301
300 _a453p.
_b24cm(pbk).
942 _2ddc
_cEN
_h551.6
_mCRI
999 _c151689
_d151689